Subdivisions Around the American Coast - Statistics

General Stats
  • This quiz has been taken 15 times
  • The average score is 70 of 212
Answer Stats
Type Answer % Correct
State Maine
100%
State Connecticut
90%
State Delaware
90%
Province Manitoba
90%
State Massachusetts
90%
Province Newfoundland and Labrador
90%
State New Hampshire
90%
State New Jersey
90%
State New York
90%
Territory Nunavut
90%
Province Ontario
90%
Province Quebec
90%
Province Quebec
90%
State Rhode Island
90%
State Virginia
90%
State Alabama
80%
State Florida
80%
State Georgia
80%
State Louisiana
80%
State Maryland
80%
State Mississippi
80%
Province New Brunswick
80%
Province New Brunswick
80%
State North Carolina
80%
Province Nova Scotia
80%
State Quintana Roo
80%
State South Carolina
80%
State Tabasco
80%
State Texas
80%
State Veracruz
80%
State Yucatan
80%
State Alaska
70%
State Baja California
70%
State Baja California
70%
Province British Columbia
70%
Province British Columbia
70%
State California
70%
State Campeche
70%
State Chiapas
70%
State Maryland
70%
Territory Northwest Territories
70%
Territory Nunavut
70%
State Oaxaca
70%
State Oregon
70%
State Sonora
70%
State Tamaulipas
70%
State Virginia
70%
State Washington
70%
State Washington
70%
Territory Yukon
70%
State Bahia
60%
State Baja California Sur
60%
District Belize
60%
Autonomous city Buenos Aires
60%
State Espírito Santo
60%
Region French Guiana
60%
State Guerrero
60%
State Jalisco
60%
State Pernambuco
60%
State Rio de Janeiro
60%
State São Paulo
60%
State Sinaloa
60%
State Amapá
50%
Province Buenos Aires
50%
Province Buenos Aires
50%
State Michoacán
50%
Department Montevideo
50%
State Nayarit
50%
State Paraná
50%
State Rio Grande do Norte
50%
State Rio Grande do Sul
50%
State Santa Catarina
50%
State Ceará
40%
State Colima
40%
Province Lima
40%
Province Lima
40%
State Pará
40%
District Paramaribo
40%
State Piauí
40%
Province Río Negro
40%
Province Santa Cruz
40%
State Sergipe
40%
State Alagoas
30%
Department Antioquia
30%
Region Atacama
30%
Region Callao
30%
Province Chubut
30%
Department Colonia
30%
Region Magallanes
30%
State Maranhão
30%
Autonomous region North Caribbean Coast
30%
Province Panamá
30%
Autonomous region South Caribbean Coast
30%
Region Valparaíso
30%
State Zulia
30%
Region Antofagasta
20%
Department Atlántico
20%
Department Canelones
20%
Department Chocó
20%
District Corozal
20%
Province Darién
20%
Region Demerara-Mahaica
20%
Province Guayas
20%
Department Lima
20%
Department Lima
20%
Province Limón
20%
Region Mahaica-Berbice
20%
State Mérida
20%
State Mérida
20%
Region O'Higgins
20%
State Paraíba
20%
District Stann Creek
20%
Department Tacna
20%
Province Veraguas
20%
State Zulia
20%
State Zulia
20%
State Anzoátegui
10%
State Aragua
10%
Region Araucanía
10%
Department Arequipa
10%
Region Arica y Parinacota
10%
Department Atlántida
10%
Region Aysén
10%
Region Barima-Waini
10%
Region Biobío
10%
Province Bocas del Toro
10%
Department Bolívar
10%
State Carabobo
10%
Department Choco
10%
Department Colón
10%
Province Colón
10%
District Commewijne
10%
Department Córdoba
10%
District Coronie
10%
Department Cortés
10%
State Delta Amacuro
10%
Region East Berbice-Corentyne
10%
Region Essequibo Islands-West Demerara
10%
State Falcón
10%
Department Gracias a Dios
10%
Province Guanacaste
10%
Province Guanacaste
10%
Comarca Guna Yala
10%
Department Ica
10%
Department Izabal
10%
State La Guaira
10%
Department La Guajira
10%
Region Los Lagos
10%
Department Magdalena
10%
Department Maldonado
10%
Department Managua
10%
District Marowijne
10%
State Miranda
10%
State Monagas
10%
Comarca Ngäbe-Buglé
10%
District Nickerie
10%
Province Panamá Oeste
10%
Department Piura
10%
Region Pomeroon-Supenaam
10%
Province Puntarenas
10%
Province Puntarenas
10%
Department Río San Juan
10%
Department Rocha
10%
Department San José
10%
District Saramacca
10%
Department Sucre
10%
State Sucre
10%
District Toledo
10%
State Trujillo
10%
Department Tumbes
10%
District Wanica
10%
Department Ahuachapán
0%
Department Ancash
0%
Department Carazo
0%
Department Cauca
0%
Department Chinandega
0%
Province Chiriquí
0%
Department Choluteca
0%
Province Coclé
0%
Region Coquimbo
0%
Province El Oro
0%
Department Escuintla
0%
Province Esmeraldas
0%
Province Herrera
0%
Department Jutiapa
0%
Department La Libertad
0%
Department La Libertad
0%
Department Lambayeque
0%
Department La Paz
0%
Department La Unión
0%
Department León
0%
Region Los Ríos
0%
Province Los Santos
0%
Province Manabí
0%
Region Maule
0%
Department Moquegua
0%
Department Nariño
0%
Region Ñuble
0%
Department Retalhuleu
0%
Department Rivas
0%
Department San Marcos
0%
Department San Miguel
0%
Province Santa Elena
0%
Department Santa Rosa
0%
Department San Vicente
0%
Department Sonsonate
0%
Department Suchitepéquez
0%
Region Tarapacá
0%
Department Usulután
0%
Department Valle
0%
Department Valle del Cauca
0%
Province Veraguas
0%
No matching quizzes found
Score Distribution
Percent of People with Each Score
Percentile by Number Answered
Your Score History
You have not taken this quiz